Statistics for Category Elimination - US National Parks

Click here to take the quiz!

General Stats

  • This quiz has been taken 1,210 times
  • The average score is 13 of 20

Answer Stats

Group#Category% Correct
150West of the Mississippi
100%
238With a maximum elevation over 6,000 feet
92%
446Not touching an ocean
89%
132With a maximum elevation less than 10,000 feet
86%
116Without the letter "i" in its name
82%
428With exactly two words in its name
78%
226Beginning with a letter A-M
78%
13On the Colorado River
76%
336Smaller than 250,000 acres (390 square miles)
74%
11Not in UtahGrand Canyon
69%
28Not in the lower 48
66%
23With only one word in its name
63%
319In a state or territory beginning with a letter A-M
63%
21Containing the highest point in its stateDenali
62%
411East of the Continental Divide
52%
310Visited by fewer than 500,000 people in 2018
41%
33Located entirely on islands
33%
43Designated in the 21st century
30%
31Touching the Atlantic OceanDry Tortugas
25%
41Containing territory both east and west of the MississippiGateway Arch
23%

Score Distribution

Percentile by Number Answered

Percent of People with Each Score

Your Score History

You have not taken this quiz